Statystyki dla Kapitanowie Premier Ligi

Kliknij tutaj aby rozwiązać quiz!

Ogólne statystyki

  • Ten quiz został rozwiązany 3 razy
  • Średni wynik to 1 z 16

Statystyki odpowiedzi

KlubKapitan% Poprawnych
FK KrasnodarGrzegorz Krychowiak
67%
CSKA MoskwaIgor Akinfeev
33%
Bojan JokicAleksandr Sapeta
0%
Dynamo MoskwaAnton Shunin
0%
FK UfaBojan Jokic
0%
Zenit PetersburgDejan Lovren
0%
Ural JekaterynburgDenys Kulakov
0%
FK KhimkiDmitri Tikhiy
0%
Rubin KazańFilip Uremovic
0%
Arsenal TulaGeorgi Kostadinov
0%
Spartak MoskwaGeorgiy Dzhikiya
0%
Lokomotiw MoskwaGuilherme
0%
FK RostovMaksim Osipenko
0%
Akhmat GroznyRizvan Utsiev
0%
Krylja Sowietow SamaraSergey Bozhin
0%
FK SochiSoslan Dzhanaev
0%

Rozkład punktacji

Percentyl według liczby udzielonych odpowiedzi

Procent ludzi z każdym wynikiem

Twoja historia wyników

Nie rozwiązałeś tego quizu